Statistics for Best countries for women (2015)

Click here to take the quiz!

General Stats

  • This quiz has been taken 106 times
  • The average score is 13 of 20

Answer Stats

RankCountry% Correct
2Norway
95%
4Sweden
95%
18United Kingdom
95%
14Denmark
94%
15France
92%
3Finland
91%
11Germany
89%
1Iceland
89%
13Netherlands
86%
19Belgium
82%
5Ireland
81%
10New Zealand
79%
8Switzerland
79%
20Latvia
49%
9Slovenia
40%
17South Africa
40%
7Philippines
23%
16Namibia
12%
6Rwanda
11%
12Nicaragua
7%

Score Distribution

Percentile by Number Answered

Percent of People with Each Score

Your Score History

You have not taken this quiz